000 00509cam a2200217 4500
001 M1037
008 090401t1990 xxu||||| |||| 00| 0 eng d
035 _a(Sirsi) u29544
041 _aeng
050 _a333.336
110 _aHealey and Baker
_91907
245 _aIndustrial land value survey.
260 _aLondon
_bHealey & Baker
_c1990
300 _a(4)p. ; 30cm.
350 _a0
650 _aINDUSTRIAL LAND
650 _aValuation
_96273
690 _aLAND
942 _n0
948 _c04/03/1997
999 _c89436
_d89436